Housing and planning statistics 2010 (Record no. 111556)

MARC details
000 -LEADER
fixed length control field 00984cad a22002295a 4500
001 - CONTROL NUMBER
control field L151708
008 - FIXED-LENGTH DATA ELEMENTS--GENERAL INFORMATION
fixed length control field 101205s2010 xxk f 000 0 eng d
020 ## - INTERNATIONAL STANDARD BOOK NUMBER
International Standard Book Number 9781409826682
035 ## - SYSTEM CONTROL NUMBER
System control number (Sirsi) u151708
041 0# - LANGUAGE CODE
Language code of text/sound track or separate title eng
050 04 - LIBRARY OF CONGRESS CALL NUMBER
Classification number 306.1 $2 18
110 2# - MAIN ENTRY--CORPORATE NAME
Corporate name or jurisdiction name as entry element United Kingdom
Subordinate unit Department for Communities and Local Government
9 (RLIN) 4939
245 00 - TITLE STATEMENT
Title Housing and planning statistics 2010
Medium [electronic resource]
260 ## - PUBLICATION, DISTRIBUTION, ETC.
Place of publication, distribution, etc. London
Name of publisher, distributor, etc. DCLG
Date of publication, distribution, etc. 2010
520 ## - SUMMARY, ETC.
Summary, etc. Compendium of housing and planning statistcs selected from the live tables and charts available on the Housing Statistics and Planning Statistics pages of the DCLG website www.communities.gov.uk
590 ## - LOCAL NOTE (RLIN)
Local note KA
651 #4 - SUBJECT ADDED ENTRY--GEOGRAPHIC NAME
Geographic name England and Wales
Chronological subdivision 1543-
690 ## - LOCAL SUBJECT ADDED ENTRY--TOPICAL TERM (OCLC, RLIN)
Topical term or geographic name as entry element Residential property
9 (RLIN) 6266
690 ## - LOCAL SUBJECT ADDED ENTRY--TOPICAL TERM (OCLC, RLIN)
Topical term or geographic name as entry element ENVIRONMENT AND LAND CONSULTANCY-PLANNING AND DEVELOPMENT
856 40 - ELECTRONIC LOCATION AND ACCESS
Uniform Resource Identifier <a href="https://www.communities.gov.uk/documents/statistics/pdf/1785484.pdf">https://www.communities.gov.uk/documents/statistics/pdf/1785484.pdf</a>
Public note View this item free of charge at www.communities.gov.uk
942 ## - ADDED ENTRY ELEMENTS (KOHA)
Suppress in OPAC 0
Holdings
Withdrawn status Lost status Source of classification or shelving scheme Damaged status Not for loan Home library Current library Shelving location Date acquired Total Checkouts Full call number Barcode Date last seen Copy number Price effective from Koha item type
    Dewey Decimal Classification     Virtual Virtual Online 05/12/2010   ONLINE PUBLICATION 151708-2001 06/08/2019 1 06/08/2019 Book